[Event "Esbjerg Efterår 2019"]
[Site "?"]
[Date "2019.10.18"]
[Round "3.12"]
[White "Jensen, Henrik Tranberg"]
[Black "Lindgaard, Tobias Simon"]
[Result "1-0"]
[BlackElo "1789"]
[WhiteElo "1985"]
[LiveChessVersion "1.4.8"]

1. d4 {[%clk 0:20:09]} Nc6 {[%clk 0:20:07]} 2. d5 {[%clk 0:20:12]} Ne5
{[%clk 0:20:08]} 3. f4 {[%clk 0:20:14]} Ng6 {[%clk 0:20:11]} 4. e4
{[%clk 0:20:15]} e6 {[%clk 0:20:13]} 5. c4 {[%clk 0:20:17]} Bc5 {[%clk 0:19:59]}
6. Nd2 {[%clk 0:17:07]} Nxf4 {[%clk 0:17:52]} 7. Nb3 {[%clk 0:17:10]} Bb4+
{[%clk 0:17:51]} 8. Bd2 {[%clk 0:17:05]} Bxd2+ {[%clk 0:17:39]} 9. Qxd2
{[%clk 0:17:08]} e5 {[%clk 0:17:35]} 10. g3 {[%clk 0:16:00]} Ng6 {[%clk 0:17:33]}
11. O-O-O {[%clk 0:15:23]} d6 {[%clk 0:16:36]} 12. h4 {[%clk 0:14:42]} h5
{[%clk 0:15:30]} 13. Nh3 {[%clk 0:13:44]} N8e7 {[%clk 0:13:43]} 14. Be2
{[%clk 0:13:26]} b6 {[%clk 0:12:55]} 15. Rdf1 {[%clk 0:12:27]} a5
{[%clk 0:12:45]} 16. Qd1 {[%clk 0:12:09]} a4 {[%clk 0:12:04]} 17. Nd2
{[%clk 0:12:13]} Ba6 {[%clk 0:10:55]} 18. Ng5 {[%clk 0:12:00]} f6
{[%clk 0:09:20]} 19. Ne6 {[%clk 0:12:00]} Qd7 {[%clk 0:09:21]} 20. Nxg7+
{[%clk 0:11:51]} Kf8 {[%clk 0:09:24]} 21. Nxh5 {[%clk 0:11:29]} b5
{[%clk 0:08:20]} 22. Rxf6+ {[%clk 0:10:26]} Ke8 {[%clk 0:08:17]} 23. Rxg6
{[%clk 0:10:26]} 1-0